000 00317 a2200157 4500
001 62669
020 _a18092012
040 _cAnchieta - Pituba
100 _aProf, Melo Sérgio
240 1 0 _aQuímica 2014
_lpor
245 1 0 _aQuímica 2014
300 _a192
362 0 _a2014
650 4 _aQuímica
942 _cBK
999 _c62669
_d62669